书目信息 |
| 题名: |
健康烘焙
|
|
| 作者: | 吴秀娟 著 | |
| 分册: | ||
| 出版信息: | 北京 中国轻工业出版社 2001.03 |
|
| 页数: | 83页 | |
| 开本: | 24开 | |
| 丛书名: | 西点系列 | |
| 单 册: | ||
| 中图分类: | TS219 | |
| 科图分类: | ||
| 主题词: | 焙烤食品--食品加工 | |
| 电子资源: | ||
| ISBN: | 7-5019-3100-3 | |
| 000 | 00657oam2 2200241 45 | |
| 001 | ZWTS00000182 | |
| 005 | 20060829084541.67 | |
| 010 | @a7-5019-3100-3@dCNY18.00 | |
| 100 | @a20060815d2001 ekmy0chiy0120 ea | |
| 101 | 0 | @achi |
| 102 | @aCN@b110000 | |
| 105 | @aa z 000yy | |
| 200 | 1 | @a健康烘焙@AJian Kang Hong Bei@f吴秀娟著@FWu Xiu Juan Zhu |
| 210 | @a北京@c中国轻工业出版社@d2001.03 | |
| 215 | @a83页@c彩图@d24开 | |
| 225 | 2 | @a西点系列 |
| 410 | 0 | @12001 @a西点系列 |
| 606 | 0 | @a焙烤食品@x食品加工 |
| 690 | @aTS219@v4 | |
| 701 | 0 | @a吴秀娟@AWu Xiu Juan@4著 |
| 801 | 0 | @aCN@bBZT@c20060829 |
| 905 | @aBZT@dTS219@e45 | |
| 906 | @dCNY18.00@n0@r1 | |
| 健康烘焙/吴秀娟著.-北京:中国轻工业出版社,2001.03 |
| 83页:彩图;24开.-(西点系列) |
| ISBN 7-5019-3100-3:CNY18.00 |
| ● |
| 相关链接 |
|
|
|
正题名:健康烘焙
索取号:TS219/45
 
预约/预借
| 序号 | 登录号 | 条形码 | 馆藏地/架位号 | 状态 | 备注 |
| 1 | 451340 | 230065943 | 中心书库中库/ 中库025架A面4列7层1/ [索取号:TS219/45] | 在馆 | |
| 2 | 451341 | 230065941 | 中心书库中库/ 中库025架A面4列5层41/ [索取号:TS219/45] | 在馆 | |
| 3 | 451343 | 230065942 | 中心书库中库/ 中库025架A面4列7层2/ [索取号:TS219/45] | 在馆 |